Score 0/38 Timer 05:00
1 Play Today
% Correct
Dollar
96.1%
Do
95.4%
Days
95.3%
Dickory
95.1%
Doodle
94.2%
Darn
93.5%
Don't
93%
Darling
93%
Dead
92.5%
Diego
91.9%
Doves
91.8%
Doggy
91.5%
Day
90.8%
Down
90.3%
Doors
89.9%
Doll's
88.9%
Delano
87.8%
Da
87.8%
Dance
87.7%
% Correct
Dark
85.2%
Dolce
84.4%
Different
83.9%
Delivery
83.4%
David
83.2%
Delta
81.5%
Del
79.2%
Daniels
78.5%
Dog
78.5%
Diamond
74.9%
Davis
73.4%
Dee
72.8%
Dowling
69%
Dean
68.6%
Dallas
68%
Deuce
66.4%
De
62.6%
Drum
59.2%
Dinmont
58.3%
Remove Ads.
Support Sporcle.
Get the best of Sporcle when you Go Orange. This ad-free experience offers more features, more stats, and more fun while also helping to support Sporcle. Thank you for becoming a member.

You're not logged in!

Compare scores with friends on all Sporcle quizzes.
OR
Log In

Show Comments

Extras

Top Quizzes Today


Score Distribution

Your Account Isn't Verified!

In order to create a playlist on Sporcle, you need to verify the email address you used during registration. Go to your Sporcle Settings to finish the process.

Report this User

Report this user for behavior that violates our Community Guidelines.

Details: